[Event "Goch op 25th"]
[Site "Goch"]
[Date "2014.09.07"]
[Round "7"]
[White "Mohrholz, Stefan"]
[Black "Perinkulam Ramachandran, Vijay N"]
[Result "1/2-1/2"]
[WhiteElo "1960"]
[BlackElo "1814"]
[PlyCount "113"]
[EventDate "2014.09.04"]
[EventType "swiss"]
[EventRounds "7"]
[EventCountry "GER"]
[SourceTitle "EXT 2016"]
[Source "ChessBase"]
[SourceDate "2015.10.08"]
[SourceVersion "1"]
[SourceVersionDate "2015.10.08"]
[SourceQuality "1"]

1. d4 Nf6 2. Nf3 g6 3. c4 Bg7 4. Nc3 d6 5. g3 0-0 6. Bg2 Nc6 7. 0-0 a6 8. d5 Na5 9. Nd2 c5 10. Qc2 Bf5 11. e4 Bd7 12. b3 Rb8 13. Bb2 b5 14. Ne2 bxc4 15. Nxc4 Nxc4 16. Qxc4 Qb6 17. Rac1 Bb5 18. Qc2 Rfc8 19. Bh3 Bd7 20. Bxd7 Nxd7 21. Bxg7 Kxg7 22. Nf4 Ne5 23. Nd3 Nf3+ 24. Kg2 Nd4 25. Qd1 Qb5 26. Rc4 Qd7 27. Ra4 Ra8 28. Re1 h5 29. h3 e6 30. Nb4 e5 31. Nc2 Nxc2 32. Qxc2 Qb5 33. Qc4 Rcb8 34. Rc1 Qxc4 35. Rcxc4 a5 36. Kf3 Kf6 37. Ke3 Ke7 38. Rc2 Rb4 39. Rxb4 axb4 40. f4 f6 41. Rg2 Rf8 42. fxe5 fxe5 43. Rf2 Rxf2 44. Kxf2 Kd7 45. Ke3 g5 46. g4 hxg4 47. hxg4 Kc7 48. Kd3 Kb7 49. Kc2 Ka6 50. Kd2 Ka5 51. Kc2 Kb5 52. Kd3 Ka5 53. Kc2 Ka6 54. Kd2 Kb6 55. Kc2 Kb5 56. Kd3 Ka6 57. Kd2 1/2-1/2

[Event "NRW Verbandsliga Group1 1314"]
[Site "Nordrheinwestfalen"]
[Date "2013.12.15"]
[Round "5"]
[White "Winzbeck, Frank"]
[Black "Perinkulam Ramachandran, Vijay N"]
[Result "1/2-1/2"]
[WhiteElo "1864"]
[BlackElo "1807"]
[PlyCount "135"]
[EventDate "2013.09.08"]
[EventType "team-tourn"]
[EventRounds "9"]
[EventCountry "GER"]
[SourceTitle "EXT 2020"]
[Source "ChessBase"]
[SourceDate "2019.10.17"]
[SourceVersion "1"]
[SourceVersionDate "2019.10.17"]
[SourceQuality "1"]
[WhiteTeam "Gladbeck SG"]
[BlackTeam "Bochum SC an der Uni"]
[WhiteTeamCountry "GER"]
[BlackTeamCountry "GER"]

1. d4 Nf6 2. c4 g6 3. Nc3 Bg7 4. e4 d6 5. f3 0-0 6. Be3 Nbd7 7. Qd2 c5 8. d5 a6 9. Bh6 Bxh6 10. Qxh6 b5 11. h4 Ne5 12. cxb5 axb5 13. Bxb5 e6 14. dxe6 Bxe6 15. Nge2 Qb6 16. Nf4 c4 17. Qg5 Qe3+ 18. Nce2 h6 19. Qxf6 Nd3+ 20. Nxd3 cxd3 21. Bxd3 Qxd3 22. Rd1 Qb5 23. h5 Rxa2 24. Nc3 Qxb2 25. Qd4 Ra1 26. 0-0 Rxd1 27. Rxd1 Rc8 28. Nd5 Qxd4+ 29. Rxd4 Bxd5 30. Rxd5 gxh5 31. Rxd6 Kg7 32. Kh2 Rc2 33. Kg3 Re2 34. Rd5 Kg6 35. Rf5 Rb2 36. Ra5 Re2 37. Ra6+ Kg7 38. Kh3 Kh7 39. Kg3 Kg7 40. Ra5 Kg6 41. Re5 Rc2 42. f4 Rb2 43. Re8 Kg7 44. Rd8 Rc2 45. Rd3 Kg6 46. Kf3 Rc1 47. f5+ Kg5 48. Rd7 Rc3+ 49. Kf2 Kf6 50. Rd6+ Kg5 51. Rd2 Rc7 52. Re2 Kf4 53. g3+ Kg4 54. Rd2 Ra7 55. Rd6 Re7 56. Rd4 Rb7 57. Rd6 Rb2+ 58. Ke3 Rb3+ 59. Rd3 Rxd3+ 60. Kxd3 Kxg3 61. e5 h4 62. e6 fxe6 63. fxe6 h3 64. e7 h2 65. e8Q h1Q 66. Qe5+ Kg4 67. Qe6+ Kg3 68. Qe5+ 1/2-1/2

[Event "Kaiserbrunnen Winter op"]
[Site "Brakel"]
[Date "2013.01.21"]
[Round "1"]
[White "Perinkulam Ramachandran, Vijay N"]
[Black "Cremerius, Armin"]
[Result "1-0"]
[WhiteElo "1619"]
[BlackElo "1824"]
[PlyCount "95"]
[EventDate "2013.01.21"]
[EventType "swiss"]
[EventRounds "5"]
[EventCountry "GER"]
[SourceTitle "EXT 2023"]
[Source "ChessBase"]
[SourceDate "2022.10.05"]
[SourceVersion "1"]
[SourceVersionDate "2022.10.05"]
[SourceQuality "1"]

1. c4 Nf6 2. g3 g6 3. Bg2 Bg7 4. d3 0-0 5. e4 d6 6. Ne2 c5 7. Nbc3 Nc6 8. h3 a6 9. 0-0 Rb8 10. a4 Nd4 11. Be3 Nxe2+ 12. Qxe2 Bd7 13. a5 b5 14. axb6 Qxb6 15. Rfb1 Bc6 16. Na4 Qb7 17. Qd2 Nd7 18. Bh6 Bxh6 19. Qxh6 f5 20. Nc3 Ne5 21. Qe3 fxe4 22. Nxe4 Qb3 23. Nxc5 dxc5 24. Qxe5 Bxg2 25. Kxg2 Qxd3 26. Qxc5 Qe2 27. b3 Qf3+ 28. Kg1 Rxb3 29. Rxb3 Qxb3 30. Qd5+ Kh8 31. Qd4+ Kg8 32. Qd5+ Kh8 33. Qe5+ Kg8 34. Qe6+ Rf7 35. Qxa6 Qb2 36. Qa8+ Kg7 37. Rf1 Qb6 38. Qd5 Rf5 39. Qe4 Qc5 40. Kg2 Re5 41. Qc2 Qc6+ 42. f3 Rc5 43. Rc1 e5 44. Qe4 Qd6 45. Rc2 Qd4 46. Qxd4 exd4 47. Kf2 d3 48. Rc3 1-0